[Event "9. Bayer Sommeropen"]
[Site "Leverkusen"]
[Date "2025.08.17"]
[Round "4.19"]
[White "Kühn, Nicole"]
[Black "Bartsch, Jan"]
[Result "1/2-1/2"]
[WhiteElo "1581"]
[BlackElo "1885"]
[PlyCount "134"]
[GameId "2217913298170958"]
[EventDate "2025.??.??"]

1. e4 c6 2. Nf3 d5 3. exd5 cxd5 4. Ne5 Nc6 5. d4 Nf6 6. c3 g6 7. Bb5 Bd7 8. Nxd7 Qxd7 9. Nd2 a6 10. Bd3 Bg7 11. O-O O-O 12. Re1 b5 13. Nf3 e6 14. Ne5 Qb7 15. Nxc6 Qxc6 16. Qe2 Nd7 17. Bf4 Nb6 18. Rac1 Rfc8 19. Qd2 Nc4 20. Bxc4 bxc4 21. b4 cxb3 22. axb3 Qb6 23. Qa2 Ra7 24. Be3 Rb7 25. Red1 Qxb3 26. Qxa6 Rbc7 27. Bd2 Qc4 28. Qxc4 Rxc4 29. Rb1 h5 30. Rb7 R8c7 31. Rdb1 Kh7 32. g3 Bh6 33. Bxh6 Kxh6 34. Rxc7 Rxc7 35. Rb3 Kg5 36. Kg2 Kf5 37. Kf3 g5 38. h3 g4+ 39. hxg4+ hxg4+ 40. Ke3 f6 41. f4 e5 42. dxe5 fxe5 43. fxe5 Kxe5 44. Kd3 Rf7 45. Rb5 Rf3+ 46. Kd2 Kd6 47. Rb4 Rxg3 48. Ke2 Kc5 49. Rf4 Rg2+ 50. Kf1 Rg3 51. Ke2 Rg2+ 52. Kf1 Rc2 53. Rxg4 Rxc3 54. Ke2 d4 55. Kd2 Rh3 56. Rg8 Rh5 57. Rc8+ Kd5 58. Rd8+ Kc4 59. Rc8+ Rc5 60. Rxc5+ Kxc5 61. Kd3 Kd5 62. Kd2 Ke4 63. Ke2 d3+ 64. Kd2 Kd4 65. Kd1 Kc3 66. Kc1 d2+ 67. Kd1 Kd3 1/2-1/2

[Event "9. Bayer Sommeropen"]
[Site "Leverkusen"]
[Date "2025.08.17"]
[Round "4.20"]
[White "Tonev, Vasil"]
[Black "Krenzel, Christoph"]
[Result "1-0"]
[WhiteElo "1843"]
[BlackElo "1510"]
[PlyCount "73"]
[GameId "2217913298170959"]
[EventDate "2025.??.??"]

1. d4 d5 2. Nf3 e6 3. g3 f5 4. Bg2 Bd6 5. O-O Nf6 6. c4 c6 7. Nbd2 Nbd7 8. Qc2 O-O 9. Ne1 f4 10. Nd3 fxg3 11. hxg3 Ng4 12. Nf3 Qe8 13. Bh3 Qg6 14. Nde1 Qh5 15. Kg2 Ndf6 16. Rh1 Ne4 17. Bxg4 Qxg4 18. Rh4 Qf5 19. Nd3 e5 20. dxe5 Be7 21. Nd4 Qg6 22. Rf4 Rxf4 23. Nxf4 Qg4 24. cxd5 cxd5 25. e6 Bh4 26. Qd3 g5 27. Nxd5 Bxe6 28. Nxe6 Qxe6 29. Be3 Rd8 30. Rd1 Bxg3 31. fxg3 Qg4 32. Nf6+ Nxf6 33. Qxd8+ Kg7 34. Qe7+ Kg6 35. Bd4 Nh5 36. Qe8+ Kf5 37. Qc8+ 1-0

[Event "9. Bayer Sommeropen"]
[Site "Leverkusen"]
[Date "2025.08.17"]
[Round "4.24"]
[White "Freiknecht, Axel"]
[Black "Engel, Bruno"]
[Result "1/2-1/2"]
[WhiteElo "1798"]
[BlackElo "2192"]
[PlyCount "59"]
[GameId "2217913298170963"]
[EventDate "2025.??.??"]

1. Nf3 d6 2. g3 e5 3. e4 Nf6 4. d3 Nc6 5. Bg2 Be7 6. O-O Bg4 7. h3 Bh5 8. c3 O-O 9. Qc2 a5 10. a4 d5 11. Nbd2 Re8 12. Re1 Bc5 13. Nb3 Bb6 14. Bg5 Bxf3 15. Bxf3 d4 16. Rad1 h6 17. Bc1 Nd7 18. Nd2 Bc5 19. Nc4 Nb6 20. Nxb6 Bxb6 21. Rf1 Qd6 22. Bg4 Bc5 23. Kg2 Rad8 24. f4 b6 25. f5 dxc3 26. bxc3 Ba3 27. Be3 Bc5 28. Bc1 Ba3 29. Be3 Bc5 30. Bc1 1/2-1/2

[Event "9. Bayer Sommeropen"]
[Site "Leverkusen"]
[Date "2025.08.17"]
[Round "4.25"]
[White "Prieb, Robert"]
[Black "Göbel, Dominik"]
[Result "1-0"]
[WhiteElo "2246"]
[BlackElo "1807"]
[PlyCount "107"]
[GameId "2217913298170964"]
[EventDate "2025.??.??"]

1. d4 Nf6 2. Nf3 e6 3. c4 d5 4. Nc3 Bb4 5. Qa4+ Nc6 6. e3 O-O 7. Bd2 Re8 8. Rd1 Bd7 9. Qc2 Ne7 10. a3 Bxc3 11. Bxc3 Rc8 12. c5 Ne4 13. Bd3 Nxc3 14. bxc3 h6 15. h4 Nc6 16. c4 dxc4 17. Bxc4 e5 18. d5 Na5 19. c6 Bg4 20. Bd3 Qe7 21. Bh7+ Kh8 22. Bf5 Bxf3 23. gxf3 Rcd8 24. Qc3 b6 25. Bd7 Rf8 26. Rg1 f6 27. h5 Rxd7 28. cxd7 Qxd7 29. Rc1 Rc8 30. Qd3 Nb7 31. Rc4 Nc5 32. Qg6 Rg8 33. Rcg4 Qe7 34. Qf5 Nb7 35. Rg6 Nd6 36. Qg4 Qf8 37. Qe6 Qf7 38. Ke2 Qxe6 39. dxe6 Ne8 40. e4 Kh7 41. Kd3 Rh8 42. Kc4 Kg8 43. Kd5 Kf8 44. Rc1 Rg8 45. f4 exf4 46. e5 fxe5 47. Kxe5 Ke7 48. Rd1 Nd6 49. Rd4 a5 50. a4 f3 51. Rd3 Rf8 52. Rxg7+ Ke8 53. Rxd6 cxd6+ 54. Kxd6 1-0

[Event "9. Bayer Sommeropen"]
[Site "Leverkusen"]
[Date "2025.08.17"]
[Round "4.26"]
[White "Jügel, Marcel"]
[Black "Urra, Michelle"]
[Result "1-0"]
[WhiteElo "2153"]
[BlackElo "1801"]
[PlyCount "37"]
[GameId "2217913298170965"]
[EventDate "2025.??.??"]

1. d4 d5 2. Nc3 Nf6 3. Bf4 c5 4. e4 Nxe4 5. Nxe4 dxe4 6. dxc5 Qa5+ 7. c3 Qxc5 8. Qa4+ Nc6 9. Qxe4 Bf5 10. Qa4 Qb6 11. Bb5 e6 12. Nf3 Be7 13. Ne5 Rc8 14. Rd1 a6 15. Bxc6+ bxc6 16. O-O Bf6 17. Nc4 Qa7 18. Nd6+ Ke7 19. Nxf5+ 1-0

[Event "9. Bayer Sommeropen"]
[Site "Leverkusen"]
[Date "2025.08.17"]
[Round "4.27"]
[White "Reuter, Florian"]
[Black "Kiese, Matthias"]
[Result "0-1"]
[WhiteElo "1708"]
[BlackElo "2065"]
[PlyCount "52"]
[GameId "2217913298170966"]
[EventDate "2025.??.??"]

1. d4 d5 2. Nc3 Nf6 3. Bf4 e6 4. e3 Bd6 5. Bd3 Bxf4 6. exf4 O-O 7. Nf3 b6 8. Ne5 c5 9. g4 cxd4 10. Nb5 Ba6 11. a4 Nfd7 12. Qe2 Nxe5 13. Qxe5 Nc6 14. Qh5 g6 15. Qh6 Qf6 16. O-O-O Nb4 17. Rhg1 Rfc8 18. f5 Bxb5 19. axb5 e5 20. fxg6 fxg6 21. Bf5 Rc7 22. h4 Rf8 23. h5 gxh5 24. gxh5+ Kh8 25. Rg6 Qxf5 26. Rdg1 Qxc2# 0-1

[Event "9. Bayer Sommeropen"]
[Site "Leverkusen"]
[Date "2025.08.17"]
[Round "4.28"]
[White "Haslak, Battal"]
[Black "Tochtenhagen, Wolfgang"]
[Result "0-1"]
[WhiteElo "1666"]
[BlackElo "2088"]
[PlyCount "116"]
[GameId "2217913298170967"]
[EventDate "2025.??.??"]

1. e4 g6 2. d4 Bg7 3. Nc3 d6 4. Bg5 c6 5. Nf3 Bg4 6. Qd2 Qa5 7. Be3 Nd7 8. Ne2 Qb6 9. O-O-O Ngf6 10. e5 Nd5 11. Bh6 Bxh6 12. Qxh6 Bxf3 13. gxf3 dxe5 14. dxe5 Qxf2 15. e6 fxe6 16. Nd4 O-O-O 17. Nxe6 Ne3 18. Bd3 Nxd1 19. Nxd8 Qe3+ 20. Qxe3 Nxe3 21. Ne6 Ne5 22. Be4 N3c4 23. f4 Ng4 24. Bf3 Nh6 25. h3 Nf5 26. b3 Ncd6 27. c4 Ne8 28. Rd1 Nc7 29. Nd4 Rd8 30. Bg4 e6 31. Nc2 Rxd1+ 32. Kxd1 Kd7 33. Ke2 c5 34. b4 cxb4 35. Nxb4 h5 36. Bf3 Nd4+ 37. Ke3 Nxf3 38. Kxf3 Ke7 39. Nd3 b6 40. Ne5 Kf6 41. Nc6 a6 42. Ne5 b5 43. cxb5 Nxb5 44. Nd7+ Kf5 45. Nc5 a5 46. a4 Nc3 47. Ke3 Nd5+ 48. Kf3 Nxf4 49. Nb3 Nd5 50. Nxa5 Nb6 51. Nc6 Nxa4 52. Nd4+ Kf6 53. Ke4 Nc3+ 54. Kf3 e5 55. Nc2 Nd5 56. Ne1 Kf5 57. Ng2 e4+ 58. Ke2 Nf4+ 0-1

[Event "9. Bayer Sommeropen"]
[Site "Leverkusen"]
[Date "2025.08.17"]
[Round "4.29"]
[White "Grünhagen, Marc"]
[Black "Rausch, Linus"]
[Result "1/2-1/2"]
[WhiteElo "2032"]
[BlackElo "1760"]
[PlyCount "58"]
[GameId "2217913298170968"]
[EventDate "2025.??.??"]

1. d4 Nf6 2. c4 g6 3. Nc3 d5 4. Nf3 Bg7 5. Bg5 Ne4 6. cxd5 Nxg5 7. Nxg5 e6 8. Nf3 exd5 9. e3 O-O 10. Bd3 a5 11. a3 c6 12. O-O Be6 13. Qd2 Nd7 14. b4 b5 15. Rfc1 Nb6 16. Ne5 axb4 17. axb4 Qd6 18. Ne2 Rxa1 19. Rxa1 Bxe5 20. dxe5 Qxe5 21. Ra6 Qc7 22. Nd4 Qb7 23. Qa2 Na4 24. Rxc6 Bd7 25. Rc1 Rc8 26. Rxc8+ Qxc8 27. Qc2 Qxc2 28. Bxc2 Nb6 29. Kf1 Kf8 1/2-1/2

[Event "9. Bayer Sommeropen"]
[Site "Leverkusen"]
[Date "2025.08.17"]
[Round "4.31"]
[White "Klees, Robert"]
[Black "Kerz, Markus"]
[Result "0-1"]
[WhiteElo "1657"]
[BlackElo "1988"]
[PlyCount "42"]
[GameId "2217913298170970"]
[EventDate "2025.??.??"]

1. d4 d5 2. c4 e6 3. Nc3 c5 4. cxd5 exd5 5. e3 Nf6 6. Nf3 Nc6 7. Bb5 cxd4 8. Nxd4 Bd7 9. Nf3 a6 10. Ba4 Bg4 11. O-O Bb4 12. Nb1 O-O 13. a3 Bd6 14. h3 Bh5 15. Kh1 Ne5 16. Nbd2 Ne4 17. g4 Nxd2 18. Bxd2 Bxg4 19. hxg4 Nxf3 20. Qxf3 Qh4+ 21. Kg1 Qh2# 0-1

[Event "9. Bayer Sommeropen"]
[Site "Leverkusen"]
[Date "2025.08.17"]
[Round "4.33"]
[White "Bracher, Lucas"]
[Black "Feldhammer, Oskar"]
[Result "0-1"]
[WhiteElo "1648"]
[BlackElo "1710"]
[PlyCount "82"]
[GameId "2217913298170972"]
[EventDate "2025.??.??"]

1. d4 Nf6 2. c4 c5 3. dxc5 Qa5+ 4. Nc3 Qxc5 5. e3 g6 6. Nf3 Bg7 7. Be2 O-O 8. O-O Nc6 9. a3 Ne5 10. Nxe5 Qxe5 11. Qc2 d6 12. Bf3 Bf5 13. e4 Bd7 14. Re1 Rac8 15. Be2 Ng4 16. g3 Qh5 17. Bxg4 Bxg4 18. Nd5 Rfe8 19. Be3 e6 20. Nf4 Qa5 21. b4 Qc7 22. Rac1 g5 23. Ne2 h6 24. Kg2 a5 25. f3 Bh5 26. g4 Bg6 27. Bf2 d5 28. Bg3 Qc6 29. exd5 exd5 30. Qd1 dxc4 31. Nd4 Qd5 32. Nf5 Qxd1 33. Rexd1 Bxf5 34. gxf5 Re2+ 35. Kf1 Re3 36. Rd7 Rxf3+ 37. Kg2 Rxa3 38. bxa5 Rxa5 39. Rxb7 Rxf5 40. Kh3 c3 41. Kg4 Rcc5 0-1

[Event "9. Bayer Sommeropen"]
[Site "Leverkusen"]
[Date "2025.08.17"]
[Round "4.37"]
[White "Enke, Nils"]
[Black "Ferfers, Ralph"]
[Result "1-0"]
[WhiteElo "1800"]
[BlackElo "1596"]
[PlyCount "33"]
[GameId "2217913298170976"]
[EventDate "2025.??.??"]

1. e4 e5 2. Nf3 Nf6 3. Nxe5 Qe7 4. d4 d6 5. Nf3 Nxe4 6. Be3 g6 7. Be2 Bg7 8. Nbd2 Nxd2 9. Qxd2 O-O 10. O-O-O Nd7 11. Rhe1 d5 12. Bd3 Qd6 13. c3 Nb6 14. Bf4 Qc6 15. Re7 Bd7 16. Ne5 Qd6 17. Nxg6 1-0

[Event "9. Bayer Sommeropen"]
[Site "Leverkusen"]
[Date "2025.08.17"]
[Round "4.38"]
[White "Siegler, Stefan"]
[Black "Schulte zu Sodingen, Matthias"]
[Result "0-1"]
[WhiteElo "1520"]
[BlackElo "1862"]
[PlyCount "74"]
[GameId "2217913298170977"]
[EventDate "2025.??.??"]

1. e4 c6 2. Nf3 d5 3. exd5 cxd5 4. d4 Nf6 5. Bb5+ Bd7 6. Nc3 e6 7. O-O a6 8. Bxd7+ Nbxd7 9. Bg5 Be7 10. Re1 O-O 11. Ne5 Rc8 12. a3 Re8 13. Re3 Nxe5 14. Rxe5 Qb6 15. Rb1 Qc7 16. Re2 Ng4 17. f4 Bxg5 18. Nxd5 exd5 19. Rxe8+ Rxe8 20. Qxg4 Qxf4 21. Qd7 Qe3+ 22. Kf1 Qe2+ 23. Kg1 Be3+ 24. Kh1 Bf4 25. Kg1 Be3+ 26. Kh1 Bxd4 27. h3 Qe6 28. Qa4 Bf6 29. c3 h6 30. Rf1 Qc6 31. Qf4 Qc4 32. Qf3 Re2 33. Qg3 Be5 34. Qf3 f6 35. Qf5 Qe4 36. Qe6+ Kh7 37. Rg1 Qf4 0-1

[Event "9. Bayer Sommeropen"]
[Site "Leverkusen"]
[Date "2025.08.17"]
[Round "4.39"]
[White "Krugmann, Alexander"]
[Black "Berndt, Michael"]
[Result "0-1"]
[WhiteElo "1490"]
[BlackElo "1849"]
[PlyCount "132"]
[GameId "2217913298170978"]
[EventDate "2025.??.??"]

1. e4 e6 2. d4 d5 3. Nc3 dxe4 4. Nxe4 Bd7 5. Nf3 Bc6 6. Bd3 Nd7 7. O-O Ngf6 8. Qe2 Be7 9. Bf4 Nxe4 10. Bxe4 Bxe4 11. Qxe4 c6 12. c3 h6 13. Ne5 O-O 14. Rfe1 Nxe5 15. Qxe5 Bf6 16. Qc7 Qxc7 17. Bxc7 Rfe8 18. Re2 Rac8 19. Bg3 Red8 20. Be5 Be7 21. Bg3 Rd7 22. Be5 Rcd8 23. Rd1 c5 24. Red2 f6 25. Bf4 cxd4 26. Be3 Rd5 27. Rxd4 Rxd4 28. Rxd4 a6 29. Rxd8+ Bxd8 30. Kf1 Bc7 31. h3 Kf7 32. Ke2 f5 33. f4 h5 34. c4 g6 35. Kf3 e5 36. fxe5 Bxe5 37. b3 Ke6 38. Bf4 Bd4 39. Bd2 Kf6 40. h4 Ke6 41. Kf4 Bf6 42. g3 Kd7 43. b4 Kc6 44. a4 a5 45. c5 axb4 46. Bxb4 Kd5 47. a5 Bd8 48. Ke3 Bc7 49. Kf3 Kc4 50. Bd2 Kxc5 51. Be3+ Kb5 52. Bd4 Kxa5 53. Bc5 b5 54. Bd4 b4 55. Bb2 Kb5 56. Bf6 Kc4 57. Ba1 Kd3 58. Bb2 b3 59. Ba1 Kc2 60. Bd4 b2 61. Bxb2 Kxb2 62. Kf2 Kc3 63. Kf3 Kd3 64. Kg2 Ke3 65. Kh3 Kf3 66. Kh2 Kg4 0-1

[Event "9. Bayer Sommeropen"]
[Site "Leverkusen"]
[Date "2025.08.17"]
[Round "4.44"]
[White "Schüers, Christian"]
[Black "Sutharjan, Dakxwin"]
[Result "0-1"]
[WhiteElo "1622"]
[BlackElo "1904"]
[PlyCount "34"]
[GameId "2217913298170983"]
[EventDate "2025.??.??"]

1. d4 Nf6 2. Nf3 g6 3. Bf4 Bg7 4. c3 Nh5 5. Bg3 O-O 6. e3 d6 7. Be2 Nd7 8. Nfd2 Nxg3 9. hxg3 e5 10. dxe5 dxe5 11. Nf3 Nc5 12. O-O Be6 13. Na3 Qe7 14. Qc1 Rad8 15. Rd1 Rxd1+ 16. Qxd1 Rd8 17. Qc1 Bf5 0-1

[Event "9. Bayer Sommeropen"]
[Site "Leverkusen"]
[Date "2025.08.17"]
[Round "4.45"]
[White "Arnolds, Klaus"]
[Black "Asadzade, Muhammed"]
[Result "0-1"]
[WhiteElo "1614"]
[BlackElo "1895"]
[PlyCount "98"]
[GameId "2217913298170984"]
[EventDate "2025.??.??"]

1. Nf3 Nf6 2. e3 c5 3. c4 d5 4. cxd5 Nxd5 5. Be2 e6 6. b3 Bd6 7. Bb2 O-O 8. O-O Nc6 9. d4 cxd4 10. Nxd4 Nxd4 11. Qxd4 Qf6 12. Qxf6 Nxf6 13. Ba3 Be5 14. Bxf8 Kxf8 15. Nd2 Bxa1 16. Rxa1 Bd7 17. Rc1 Ke7 18. Bf3 Rc8 19. Rxc8 Bxc8 20. Nc4 Nd5 21. Na5 Kd6 22. a3 Kc5 23. Nc4 f6 24. Kf1 a6 25. Ke1 a5 26. Nd2 Nc3 27. Ne4+ Nxe4 28. Bxe4 h6 29. Kd2 b5 30. Bc2 b4 31. a4 Bb7 32. g3 Bf3 33. Bd3 Bd5 34. Bc2 g5 35. Kd3 f5 36. f4 g4 37. Ke2 Bf3+ 38. Kd3 Kd5 39. Kd2 Be4 40. Bxe4+ Kxe4 41. Ke2 h5 42. Kf2 Kd3 43. Ke1 Kc3 44. Kd1 Kxb3 45. Kc1 Kxa4 46. Kb2 Kb5 47. Kb3 a4+ 48. Kb2 b3 49. Ka3 Kc4 0-1

[Event "9. Bayer Sommeropen"]
[Site "Leverkusen"]
[Date "2025.08.17"]
[Round "4.46"]
[White "Diaubalick, Ulrich"]
[Black "Dietrich, Markus"]
[Result "0-1"]
[WhiteElo "1812"]
[BlackElo "1619"]
[PlyCount "52"]
[GameId "2217913298170985"]
[EventDate "2025.??.??"]

1. e4 e5 2. Nf3 Nc6 3. Bc4 Nf6 4. Ng5 d5 5. exd5 Nxd5 6. Nxf7 Kxf7 7. Qf3+ Ke6 8. Nc3 Ncb4 9. Qe4 c6 10. d4 Qf6 11. Nxd5 cxd5 12. Qg4+ Kd6 13. Qe2 exd4 14. O-O dxc4 15. Qxc4 Nc6 16. Bd2 Be6 17. Qd3 Kc7 18. Qg3+ Bd6 19. f4 Rhg8 20. Qd3 Qf5 21. Qe2 Rae8 22. Qf3 Qxc2 23. Rfd1 Qxb2 24. Qd3 g6 25. Rab1 Qa3 26. Qc2 Bf5 0-1

[Event "9. Bayer Sommeropen"]
[Site "Leverkusen"]
[Date "2025.08.17"]
[Round "4.47"]
[White "Depping, Thomas"]
[Black "Liu, Mio Runhan"]
[Result "1/2-1/2"]
[WhiteElo "1796"]
[BlackElo "1572"]
[PlyCount "60"]
[GameId "2217913298170986"]
[EventDate "2025.??.??"]

1. e4 e5 2. Nf3 Nc6 3. c3 d6 4. d4 exd4 5. cxd4 Bg4 6. Bb5 a6 7. Be2 Nf6 8. Nc3 Be7 9. h3 Bh5 10. Bf4 Nd7 11. O-O O-O 12. Re1 Re8 13. a3 h6 14. Qd2 Kh7 15. Rad1 Bf8 16. Qd3 Bg6 17. d5 Nce5 18. Qd4 Nxf3+ 19. Bxf3 Ne5 20. Bxe5 dxe5 21. Qe3 Qg5 22. Qxg5 hxg5 23. Rc1 Rac8 24. g4 f6 25. b4 b5 26. Ne2 Bd6 27. Rc6 Ra8 28. Rec1 Rec8 29. Ng3 Be8 30. R6c3 g6 1/2-1/2

[Event "9. Bayer Sommeropen"]
[Site "Leverkusen"]
[Date "2025.08.17"]
[Round "4.49"]
[White "Jeuken, Thomas"]
[Black "Baßenhoff, Aljoscha"]
[Result "1-0"]
[WhiteElo "1589"]
[BlackElo "1737"]
[PlyCount "111"]
[GameId "2217913298170988"]
[EventDate "2025.??.??"]

1. d3 Nf6 2. Nf3 d5 3. g3 c6 4. Bg2 h6 5. O-O Bf5 6. Nbd2 Qc7 7. Re1 e5 8. b3 Bc5 9. Bb2 Nbd7 10. h3 O-O 11. g4 Be6 12. e3 Bb6 13. Nf1 Rad8 14. Qe2 Rfe8 15. N3d2 Nf8 16. e4 Ng6 17. Ng3 Nf4 18. Qf1 Nxg2 19. Qxg2 dxe4 20. Ndxe4 Nxe4 21. Nxe4 f5 22. gxf5 Bd5 23. Nf6+ Kh8 24. Nxe8 Rxe8 25. Qg3 Qd8 26. Bxe5 Rg8 27. Kf1 Ba5 28. Re2 Bf7 29. d4 Qd5 30. Qg2 Qd7 31. Qg4 Kh7 32. f4 Bc3 33. Rg2 Qd5 34. Rd1 g6 35. Kg1 Qe4 36. Qe2 Qxf5 37. Rd3 Bb4 38. Rgg3 b5 39. Kh2 Bd5 40. Rg4 h5 41. Rgg3 Be7 42. Rde3 Bh4 43. Rg1 Kh6 44. c4 bxc4 45. bxc4 Be6 46. Qd3 Qf7 47. c5 Bf5 48. Qa6 Rb8 49. Rb3 Rxb3 50. axb3 Qxb3 51. Rg2 Qxh3+ 52. Kg1 Be4 53. Qe2 Bxg2 54. Qxg2 Qe3+ 55. Kh2 Bf2 56. Qg5+ 1-0

[Event "9. Bayer Sommeropen"]
[Site "Leverkusen"]
[Date "2025.08.17"]
[Round "4.56"]
[White "Leferink, Toine"]
[Black "Kock, Sebastian"]
[Result "0-1"]
[WhiteElo "1614"]
[BlackElo "1900"]
[PlyCount "52"]
[GameId "2217913298170995"]
[EventDate "2025.??.??"]

1. b4 e6 2. Bb2 Nf6 3. a3 b6 4. Nf3 Bb7 5. c4 c5 6. b5 d5 7. e3 Nbd7 8. d3 Be7 9. Nbd2 O-O 10. Be2 h6 11. O-O Nh7 12. a4 Bf6 13. Bxf6 Nhxf6 14. cxd5 exd5 15. Nb3 a5 16. Nfd2 Qe7 17. Bf3 Ne5 18. Qe2 Rac8 19. d4 Nxf3+ 20. Nxf3 c4 21. Nbd2 Nd7 22. Rfb1 f5 23. g3 g5 24. Qe1 Rce8 25. Qf1 Kg7 26. Rb2 c3 0-1

[Event "9. Bayer Sommeropen"]
[Site "Leverkusen"]
[Date "2025.08.17"]
[Round "5.1"]
[White "Korchynskyi, Mykola"]
[Black "Sheng, Ming"]
[Result "1-0"]
[WhiteElo "2346"]
[BlackElo "2031"]
[PlyCount "29"]
[GameId "2217913298232440"]
[EventDate "2025.??.??"]

1. d4 d5 2. Nf3 Nf6 3. Bf4 e6 4. e3 Bd6 5. Bxd6 Qxd6 6. c4 dxc4 7. Bxc4 O-O 8. O-O a6 9. Nbd2 Nbd7 10. Rc1 c5 11. dxc5 Nxc5 12. b4 Nce4 13. Nxe4 Nxe4 14. Bd3 Nf6 15. Bxh7+ 1-0

[Event "9. Bayer Sommeropen"]
[Site "Leverkusen"]
[Date "2025.08.17"]
[Round "5.2"]
[White "Schwibbert, Jonas"]
[Black "Asadzade, Idris"]
[Result "1/2-1/2"]
[WhiteElo "2153"]
[BlackElo "2234"]
[PlyCount "119"]
[GameId "2217913298232441"]
[EventDate "2025.??.??"]

1. d4 d5 2. c4 e6 3. Nc3 Nf6 4. cxd5 exd5 5. Bg5 c6 6. e3 Be6 7. Bd3 Nbd7 8. Nge2 h6 9. Bh4 g5 10. Bg3 Nh5 11. O-O Nxg3 12. Nxg3 h5 13. Qc2 h4 14. Nf5 Qf6 15. Rfe1 O-O-O 16. Nxd5 Bxd5 17. e4 Nb6 18. exd5 Nxd5 19. Bc4 Bb4 20. Re5 Nb6 21. Qb3 Nxc4 22. Qxc4 Bd6 23. Nxd6+ Rxd6 24. Qc5 Rhd8 25. h3 Rxd4 26. Rxg5 Rf4 27. Re1 Rxf2 28. Qxf2 Qxg5 29. Qxf7 Qg3 30. Qe6+ Kc7 31. Qe2 Rd5 32. Qe7+ Rd7 33. Qe2 a5 34. b3 b5 35. Rd1 Rxd1+ 36. Qxd1 Qe3+ 37. Kh1 Qf2 38. Qa1 a4 39. Qe5+ Kb7 40. Qe7+ Ka6 41. bxa4 bxa4 42. a3 Qf1+ 43. Kh2 Qf4+ 44. Kh1 Kb5 45. Qb7+ Kc5 46. Qa7+ Kd5 47. Qd7+ Kc5 48. Qa7+ Kd5 49. Qd7+ Kc4 50. Qxc6+ Kb3 51. Qc5 Ka2 52. Qg1 Qg3 53. Qf1 Qxa3 54. Qe2+ Ka1 55. Qd1+ Kb2 56. Qe2+ Kb1 57. Qe4+ Kc1 58. Qe1+ Kc2 59. Qe2+ Kc3 60. Qe3+ 1/2-1/2

[Event "9. Bayer Sommeropen"]
[Site "Leverkusen"]
[Date "2025.08.17"]
[Round "5.3"]
[White "Ramien, David"]
[Black "Rechmann, Peter"]
[Result "1/2-1/2"]
[WhiteElo "2243"]
[BlackElo "2174"]
[PlyCount "30"]
[GameId "2217913298232442"]
[EventDate "2025.??.??"]

1. e4 d6 2. d4 g6 3. Nc3 c6 4. f4 d5 5. e5 h5 6. Bd3 Nh6 7. Nce2 Bg4 8. c3 e6 9. Be3 Be7 10. Qd2 h4 11. Nc1 Nd7 12. Be2 Bxe2 13. Ngxe2 Nf5 14. Bf2 c5 15. O-O c4 1/2-1/2

[Event "9. Bayer Sommeropen"]
[Site "Leverkusen"]
[Date "2025.08.17"]
[Round "5.4"]
[White "Weidert, Florian"]
[Black "Coenen, Michael"]
[Result "0-1"]
[WhiteElo "1920"]
[BlackElo "2316"]
[PlyCount "100"]
[GameId "2217913298232443"]
[EventDate "2025.??.??"]

1. e4 d6 2. d4 Nf6 3. Nc3 e5 4. Nf3 Nbd7 5. Bc4 Be7 6. a4 a5 7. h3 O-O 8. O-O c6 9. Bb3 h6 10. Nh4 exd4 11. Qxd4 Nc5 12. Ng6 Nxb3 13. Nxe7+ Qxe7 14. cxb3 Be6 15. b4 Rfd8 16. bxa5 Rxa5 17. b4 c5 18. bxc5 dxc5 19. Qe5 Rd3 20. Bb2 Qd8 21. Rfd1 c4 22. Qg3 Rg5 23. Rxd3 cxd3 24. Qe3 Bb3 25. f4 Ra5 26. e5 Ne8 27. Bc1 Bc2 28. Bd2 Ra6 29. Qc5 Nc7 30. Ra3 Ne6 31. Qc4 Qd4+ 32. Qxd4 Nxd4 33. Kf2 b5 34. Ra1 Nb3 35. Re1 Nxd2 36. axb5 Ra3 37. Nd1 Nc4 38. Re4 Bxd1 39. Rxc4 Rb3 40. Ke3 Rxb5 41. Kxd3 Rb2 42. Rc8+ Kh7 43. Rf8 Bb3 44. g4 Rh2 45. Ke4 Rxh3 46. f5 Rh4 47. Kf4 h5 48. Kg5 Rxg4+ 49. Kxh5 Re4 50. e6 Bd1+ 0-1

[Event "9. Bayer Sommeropen"]
[Site "Leverkusen"]
[Date "2025.08.17"]
[Round "5.5"]
[White "Ye, Philipp"]
[Black "Menzel, Maximilian"]
[Result "1/2-1/2"]
[WhiteElo "1888"]
[BlackElo "2196"]
[PlyCount "65"]
[GameId "2217913298232444"]
[EventDate "2025.??.??"]

1. e4 c6 2. d4 d5 3. e5 Bf5 4. Nf3 e6 5. Be2 Nd7 6. O-O a5 7. a4 f6 8. exf6 Ngxf6 9. Bf4 Be7 10. Re1 O-O 11. Nbd2 Qb6 12. Nb3 Ne4 13. Be3 Qc7 14. Nbd2 Bd6 15. Nf1 Rae8 16. Nh4 h6 17. Nxf5 Rxf5 18. Bd3 Ndf6 19. g4 Rf4 20. Bxf4 Bxf4 21. f3 Ng5 22. Kg2 e5 23. dxe5 Bxe5 24. Ng3 Ne6 25. c3 h5 26. gxh5 Bxg3 27. hxg3 Nxh5 28. f4 Nexf4+ 29. gxf4 Nxf4+ 30. Kh1 Rxe1+ 31. Qxe1 Nxd3 32. Qe6+ Qf7 33. Qc8+ 1/2-1/2

[Event "9. Bayer Sommeropen"]
[Site "Leverkusen"]
[Date "2025.08.17"]
[Round "5.6"]
[White "Freiknecht, Holger"]
[Black "Panjer, Sidney"]
[Result "0-1"]
[WhiteElo "1879"]
[BlackElo "2200"]
[PlyCount "84"]
[GameId "2217913298232445"]
[EventDate "2025.??.??"]

1. e4 c5 2. Nf3 Nc6 3. d4 cxd4 4. Nxd4 e5 5. Nb5 d6 6. N1c3 a6 7. Na3 Be7 8. Nc4 b5 9. Ne3 Nf6 10. Ned5 O-O 11. Be3 Nxd5 12. Nxd5 Be6 13. c3 Bg5 14. Bxg5 Qxg5 15. Qd3 Bxd5 16. Qxd5 Ne7 17. Qd3 d5 18. exd5 Nxd5 19. Qg3 Qf5 20. O-O-O Nf4 21. Qe3 b4 22. g3 bxc3 23. gxf4 cxb2+ 24. Kxb2 Rab8+ 25. Ka1 Qc2 26. Qc1 Qxf2 27. Bh3 exf4 28. Qd2 Qh4 29. Qc3 Rb6 30. Rhg1 g6 31. Rb1 Qf2 32. Rxb6 Qxg1+ 33. Rb1 Qxh2 34. Bd7 f3 35. Qf6 Qh6 36. Ba4 Rc8 37. Bb3 Qg7 38. Qxg7+ Kxg7 39. Rf1 f5 40. Kb2 Kf6 41. Rxf3 g5 42. Rh3 Rc7 0-1

[Event "9. Bayer Sommeropen"]
[Site "Leverkusen"]
[Date "2025.08.17"]
[Round "5.8"]
[White "Breitkopf-Lazar, Patrick-Robert"]
[Black "Scharff, Klaus"]
[Result "1-0"]
[WhiteElo "2218"]
[BlackElo "1928"]
[PlyCount "73"]
[GameId "2217913298232447"]
[EventDate "2025.??.??"]

1. e4 e6 2. d4 d6 3. Nc3 Ne7 4. Nf3 h6 5. h4 h5 6. Be3 Nd7 7. Be2 g6 8. Qd2 a6 9. a4 Bg7 10. Ng5 e5 11. Bc4 O-O 12. Bxf7+ Rxf7 13. Ne6 Qe8 14. Nxc7 Qd8 15. Nxa8 b6 16. dxe5 Bxe5 17. Nd5 Nxd5 18. Qxd5 Nc5 19. O-O-O Qf6 20. Bd4 Bb7 21. Bxe5 dxe5 22. Qd8+ Qxd8 23. Rxd8+ Kg7 24. f3 Nxa4 25. Rhd1 Bc6 26. R1d6 Bb5 27. Nxb6 Nc5 28. c4 Nb7 29. cxb5 Nxd8 30. Rxd8 axb5 31. Rd7 g5 32. hxg5 h4 33. Kd2 Kg6 34. Rxf7 Kxf7 35. Nd7 Kg6 36. Nxe5+ Kxg5 37. Nd3 1-0

[Event "9. Bayer Sommeropen"]
[Site "Leverkusen"]
[Date "2025.08.17"]
[Round "5.11"]
[White "Kiese, Matthias"]
[Black "Tonev, Vasil"]
[Result "1-0"]
[WhiteElo "2065"]
[BlackElo "1843"]
[PlyCount "117"]
[GameId "2217913298232450"]
[EventDate "2025.??.??"]

1. d4 d5 2. Nf3 Nf6 3. c4 e6 4. Nc3 a6 5. cxd5 exd5 6. Bg5 Be6 7. e3 Nbd7 8. Bd3 Bd6 9. O-O c6 10. Bf4 Qc7 11. Bxd6 Qxd6 12. h3 O-O 13. Qe2 Rfe8 14. Rfd1 Rad8 15. Rac1 g6 16. Qc2 Nh5 17. Na4 Ng7 18. a3 Bf5 19. b4 Bxd3 20. Qxd3 Ne6 21. Nc5 Qb8 22. a4 Nb6 23. Nd2 Nc7 24. Rb1 Re7 25. Ndb3 Nc4 26. Na5 Nd6 27. Ncxb7 Qxb7 28. Nxb7 Nxb7 29. Rdc1 Rd6 30. Qa3 Red7 31. Rc2 Nd8 32. Rbc1 f5 33. Qd3 Kf7 34. g3 Re7 35. Kg2 Ke6 36. Rc5 Kd7 37. Ra5 Ke6 38. Rxa6 Nxa6 39. Qxa6 Rb7 40. Qa5 Kd7 41. b5 cxb5 42. axb5 Ne6 43. b6 g5 44. Qb5+ Ke7 45. Rc6 Rdd7 46. Qb4+ Kf7 47. Rd6 Re7 48. Rxd5 f4 49. Rf5+ Kg6 50. Re5 Kf6 51. Qd6 Kf7 52. d5 Nf8 53. Rxg5 fxe3 54. fxe3 Rbd7 55. Qf4+ Ke8 56. Rg8 Rf7 57. Qe5+ Rfe7 58. Qb8+ Rd8 59. Rxf8+ 1-0